|
|
|
|
| LEADER |
00000nbm0a2200000 4500 |
| 001 |
46511 |
| 005 |
20231101211025.0 |
| 035 |
|
|
|a (RuTPU)RU\TPU\book\48557
|
| 090 |
|
|
|a 46511
|
| 100 |
|
|
|a 20030122j20021211k y0rusy50 ca
|
| 101 |
0 |
|
|a rus
|
| 102 |
|
|
|a RU
|
| 105 |
|
|
|a a m 001zy
|
| 200 |
1 |
|
|a Синтез, структура и свойства некоторых производных 9, 10-антрахинона, содержащих связь азот-азот
|e диссертация на соискание ученой степени кандидата химических наук
|e Спец. 02.00.03
|f Н. А. Булгакова
|g Красноярский государственный педагогический университет; науч. рук. Л. М. Горностаев
|
| 210 |
|
|
|a Красноярск
|d 2002
|
| 215 |
|
|
|a 105 л.
|c ил.
|
| 229 |
|
|
|a Защищена 11.12.2002
|
| 320 |
|
|
|a Библиогр.: с. 89-105 (138 назв.)
|
| 606 |
1 |
|
|a Антрахинон и его производные
|x Химия
|2 stltpush
|3 (RuTPU)RU\TPU\subj\76667
|9 87599
|
| 610 |
1 |
|
|a органическая химия
|
| 610 |
1 |
|
|a ароматические триазены
|
| 610 |
1 |
|
|a синтез
|
| 610 |
1 |
|
|a структура
|
| 610 |
1 |
|
|a таутометрия
|
| 610 |
1 |
|
|a диссертации
|
| 675 |
|
|
|a 547.6(04)
|v 3
|
| 686 |
|
|
|a 02.00.03
|2 oksvnk
|
| 700 |
|
1 |
|a Булгакова
|b Н. А.
|g Надежда Анатольевна
|
| 702 |
|
1 |
|a Горностаев
|b Л. М.
|4 727
|
| 712 |
0 |
2 |
|a Красноярский государственный педагогический университет
|2 stltpush
|3 (RuTPU)RU\TPU\col\2101
|
| 801 |
|
1 |
|a RU
|b 63413507
|c 20030122
|g PSBO
|
| 801 |
|
2 |
|a RU
|b 63413507
|c 20170921
|g PSBO
|
| 942 |
|
|
|c BK
|